[Event "Reykjavik op 21st"]
[Site "Reykjavik"]
[Date "2004.03.12"]
[Round "6"]
[White "Krasenkow, Michal"]
[Black "Erenburg, Sergey"]
[Result "1/2-1/2"]
[WhiteElo "2605"]
[BlackElo "2520"]
[Annotator "Erenburg,S"]
[PlyCount "73"]
[EventDate "2004.03.07"]
[EventType "swiss"]
[EventRounds "9"]
[EventCountry "ISL"]
[SourceTitle "CBM 099 Extra"]
[Source "ChessBase"]
[SourceDate "2004.05.04"]
[SourceVersion "1"]
[SourceVersionDate "2004.05.04"]
[SourceQuality "1"]

1. d4 d5 2. c4 c6 3. Nf3 Nf6 4. Nc3 a6 {This continuation became very popular
in last 10 years.} 5. e3 {Other theoretical possibilities are:} (5. c5) (5. a4)
(5. Bg5) 5... b5 6. b3 Bg4 7. Be2 e6 8. h3 Bh5 9. O-O Nbd7 10. Ne5 $5 {White
tries to use the fact, that black king is still in the centre. That's why he
plays aggressively. By the way, this continuation is rare, in comparison to} (
10. Bb2 {1-0 Avrukh,B-Pasman,M/Israel 2003/CBM 94/[Avrukh,B] (33)}) 10... Bxe2
11. Nxe2 dxc4 $1 {In my opinion, after this move white hasn't chances to get
an advantage.} ({Less clear is} 11... Nxe5 12. dxe5 Nd7 13. cxd5 cxd5 14. Bb2
Be7 (14... Bc5 15. Nf4 O-O 16. Qg4 Qe7 17. Nh5 g6 18. Nf6+ $36 {Belov,
I-Zagorskis,D/Karvina/1992/}) 15. Nd4 Qb6 16. Rc1 O-O 17. Rc6 Qb7 18. Qc2 Ra7
$1 $11 {0-1 Krasenkow,M-Epishin,V/Brno 1994/CBM 43/[Krasenkow] (34)}) 12. Qc2
$2 $146 {According to my database, this position appeared for the first time.
In the preceding game, at the same tournament, white continued} (12. Nxd7 {
, but didn't get anything special:} Qxd7 13. bxc4 c5 14. Ba3 cxd4 15. Bxf8 Kxf8
16. Qxd4 Qxd4 17. Nxd4 bxc4 18. Rfc1 Rc8 19. Rab1 g6 $11 {1/2-1/2 Epishin,
V-Charbonneau,P/21st Open, Reykjavik ISL 2004 (28)}) 12... Nxe5 13. dxe5 Qd3 $1
{Obviously this move was overlooked by my opponent.} 14. Qxd3 (14. Qb2 Nd5 $17)
14... cxd3 15. Nf4 Nd5 $2 {missing more attractive option:} (15... Ne4 $1 16.
Nxd3 (16. f3 Nc5 17. Ba3 (17. b4 g5 $19) 17... O-O-O $17) 16... O-O-O 17. Rd1
Nc5 18. Nb2 Rxd1+ 19. Nxd1 Nd3 $17) 16. Nxd3 O-O-O {[%cal Yd8d3] trying to
emphasize unsuccessful location of the white's knight.} (16... Rd8 17. Nf4 $1
$15) 17. Bb2 $1 {Much stronger than} (17. Rd1 $2 Nc3 18. Rd2 Ne4 19. Rd1 Nc5
$17) 17... Nb4 ({After} 17... Nxe3 {black throws away his advantage:} 18. fxe3
Rxd3 19. Rac1 $1 $11 (19. Rxf7 Bc5 $15)) 18. Nxb4 Bxb4 19. Rfd1 Kc7 {Black
activizes his king, as immediate changes on the "d" file don't promise him
good chances:} (19... Rxd1+ 20. Rxd1 Rd8 21. Rxd8+ Kxd8 22. Kf1 c5 23. Ke2 c4
24. a3 Ba5 25. b4 $11 {with draw. The difference is that passed pawn "c" is
less dangerous than the "a" pawn.}) 20. Kf1 ({In my opinion, white had to
create a counterplay with} 20. Rd4 $1 {[%cal Yd4f4,Gd4g4,Ya1d1]}) 20... Kb6 21.
Ke2 a5 22. Rxd8 {White started to change the heavy pieces, as he was sure that
the BB endgame will be drawish. But this endgame is not so simple...} ({
Again better was} 22. Rd4 $5) (22. Bd4+ c5 (22... Kb7 23. e4 {[%cal Gd4e3]})
23. a3 Bxa3 24. Rxa3 cxd4 25. exd4 Rd5 $17) 22... Rxd8 23. Rd1 Rxd1 24. Kxd1 a4
25. a3 ({After} 25. Ke2 {black's chances are quite good:} Be7 26. Kd3 Ka5 27.
Bc3+ b4 $15 {[%cal Ga5b5,Gc6c5]}) 25... Be7 26. b4 $2 {[%mdl 4096] After this
move the endgame is objectively lost for white.} ({Of course better was} 26.
bxa4 bxa4 27. Kc2 Kb5 28. Kd3 c5 $15) 26... c5 27. Bc3 cxb4 28. axb4 {The only
move.} ({Loses immediately:} 28. Bxb4 $2 Bc5 $1 $19 {[%cal Gb6c6,Gc6d5,Yc5f2]})
28... f6 (28... f5 29. f3 Kc6 30. e4 f4 {See 29.Kc2 variation.}) 29. exf6 {
Other continuations don't change an evaluation of the endgame.} (29. Kc2 Kc6
30. e4 f5 31. f3 f4 32. Bd2 g5 33. Kb2 Kd7 34. Ka3 Ke8 35. Be1 Kf7 36. Bd2 Kg6
37. Be1 h5 38. Kb2 g4 39. Kc3 Kg5 40. Bf2 Bd8 41. Kc2 Bc7 $19) (29. f4 f5 $19 {
[%cal Gb6c6,Gc6d5]}) 29... Bxf6 30. Bxf6 (30. Kc2 Bxc3 31. Kxc3 g5 $19) (30.
Bd2 a3 $19) 30... gxf6 31. g4 {White hopes to build defence construstion, that
black monarch will not succeed to invade into white's camp.} Kc6 32. h4 (32.
Kc2 Kd5 33. Kd3 a3 $19) (32. e4 Kd6 33. f4 e5 34. f5 Ke7 35. h4 h5 $19) 32...
Kd5 $4 {throwing away the victory:} ({The way to the victory was so simple...} 
32... Kd6 $1 33. h5 (33. Kc2 h5 $19) (33. f4 e5 $1 {The simplest.} (33... Ke7
34. e4 Kf7 35. Kc2 (35. h5 Kg7 36. g5 e5 $19) 35... e5 $1 (35... h5 $2 36. g5
e5 37. g6+ $1 $11) 36. fxe5 h5 $3 $19) 34. h5 (34. f5 h5 $1 $19) 34... exf4 35.
exf4 Kd5 $19) 33... Ke7 (33... e5 34. f3 Ke6 $19 {and the king is going to h6.}
) 34. f4 Kf7 35. g5 e5 $19) ({Only not} 32... e5 $2 33. e4 $1 $11 {with
following h4-h5-h6.}) (32... Kd7 $1 {wins as well.}) 33. f4 $1 {Other moves
lose:} (33. h5 e5 $19) (33. f3 $2 Kd6 $1 $19 (33... Kc4 34. f4 Kd3 35. h5 Ke4
36. Kc2 $11)) 33... Kd6 (33... Ke4 34. h5 $1 e5 35. f5 $11) 34. h5 $1 (34. e4
$2 e5 35. f5 h5 $19) 34... Ke7 (34... e5 35. f5 $11) 35. e4 Kf7 36. e5 {
[%cal Gg4g5] In the nick of the time.} h6 (36... f5 37. g5 $11) (36... Kg7 37.
g5 $11) 37. Kc2 {Very disappointing game for black :(} 1/2-1/2

[Event "Budapest FS09 GM"]
[Site "Budapest"]
[Date "2004.09.11"]
[Round "8"]
[White "Paschall, William M"]
[Black "Erenburg, Sergey"]
[Result "1/2-1/2"]
[WhiteElo "2389"]
[BlackElo "2533"]
[Annotator "Erenburg,S"]
[PlyCount "72"]
[EventDate "2004.09.04"]
[EventType "tourn"]
[EventRounds "13"]
[EventCountry "HUN"]
[EventCategory "8"]
[SourceTitle "CBM 102 Extra"]
[Source "ChessBase"]
[SourceDate "2004.11.03"]
[SourceVersion "1"]
[SourceVersionDate "2004.11.03"]
[SourceQuality "1"]

1. d4 d5 2. c4 c6 3. Nf3 Nf6 4. Nc3 a6 5. e3 b5 6. b3 Bg4 7. h3 $5 {Usually
white plays first Be2 and afterware h2-h3:} (7. Be2 e6 8. h3 Bh5 9. O-O Nbd7 {
1/2-1/2 Krasenkow,M-Erenburg,S/Reykjavik 2004/[Erenburg] (37)}) 7... Bxf3 8.
Qxf3 {Interesting alternative is} (8. gxf3 Nbd7 9. f4 {1-0 Nielsen,P-Flear,G/
Hastings 2002/CBM 93/[Huebner,R] (40)}) 8... e6 {Black prefered more solid
option. Most white players don't take on f3 with the queen, because black gets
some interesting resource of e7-e5:} (8... bxc4 $5 9. bxc4 e5 {1-0 Chernin,
A-Gavrikov,V/Tilburg 1992/CBM 32/[Hertneck] (46)}) 9. Bd2 {covering the a5-e1
diagonal.} Nbd7 {Probably, more principle was} (9... Bb4 {0-1 Oll,L-Anand,V/
Biel 1993/CBM 37/[Ftacnik] (24) creating the pressure on white's queenside.})
10. Bd3 Be7 11. O-O O-O {The opponents completed the development, so we can
resume the results of the opening. White has got a pair of bishops, but black
has succeeded to solve the problem of light-squared bishop. I would evaluate
this position as approximately equal, because black's position is very solid.}
12. cxd5 $6 $146 {I don't think, that after such a move white can get
advantage... This move was played for the first time. More logical is} (12.
Rac1 Rc8 13. Rfd1 Qb6 14. Be1 Rfd8 15. Qe2 Qa7 16. Kh1 g6 17. f4 dxc4 (17... c5
$5) 18. bxc4 bxc4 19. Bxc4 $14 {1-0 Volkov,S-Kuporosov,V/Minsk 2000/EXT 2001 
(34)}) 12... cxd5 13. a4 $6 {forcing black to play b5-b4. But, white's pieces
will be misplaced, that, black can use...} (13. a3 {comes to consideration.})
13... b4 14. Ne2 Qb6 $6 {missing more attractive continuation:} (14... e5 $1
15. dxe5 (15. Bf5 Bd6 $1 {threatening with e5-e4} 16. Qg3 Ne4 $1 17. Bxe4 dxe4
$15) 15... Nxe5 16. Qf5 Bd6 17. Nf4 (17. Bb1 Ne4 18. Bxe4 (18. Bxb4 g6) 18...
g6 19. Qf4 Nc4 20. Qh6 Nxd2 21. Bxd5 Bh2+ $1 22. Kxh2 (22. Kh1 Qxd5 23. Rad1
Bc7 24. e4 Qe5 $19) 22... Nxf1+ 23. Rxf1 Qxd5 24. Nd4 $17) (17. Bxb4 $2 g6 18.
Qf4 Nh5 19. Qd4 Nc6 $19) 17... g6 18. Qg5 Kg7 $1 {Actually, I overlooked this
important move in my calculations. That was the main reason why I preferd
another move...} 19. Bb1 h6 20. Qg3 Ne4 21. Bxe4 dxe4 22. Rfd1 Nd3 $15) 15.
Rac1 g6 {covering the f5 square, thus, preparing to move the "e" pawn.} (15...
Qb7 16. Qg3) ({In this moment, this breakthrough doesn't promise black good
prospects:} 15... e5 16. dxe5 Nxe5 17. Qf5) 16. Qg3 $1 {Very strong move.
White threats with invasion into the 7-th rank, and, at the same time, he is
ready to cover the e4 square with following f2-f3.} Rfc8 {covering the c7
square.} (16... Ne4 {was also possible, but I saw that I cannot get more than
equality, therefore, I decided to keep more pieces on the board...} 17. Bxe4
dxe4 18. Qc7 Rfd8 $1 $11) 17. f3 Qb7 {preventing from white the breakthrough
e3-e4, and, at the same time, adding the option of changing the heavy pieces
on the "c" file.} 18. Qh2 $5 {Interesting and logical idea to keep control
over the h2-b8 diagonal.} Ne8 {preparing to play Nd6 or Bd6.} 19. g4 {White
intends to manage the attack on the black king, pushing forward the kingside
pawns.} Rxc1 {Black suffers from lack of space, therefore, he starts to change
the pieces.} 20. Rxc1 Rc8 21. Rf1 {Of course, white needs to keep one rook on
the board. The reason is simple: rook and bishops coordinate together better
than the rook and knights...} Rc6 {protecting the a6 square, and, probably
building the battery along the "c" file. But, I think, that after white played
g2-g4, more logical was the following possibility:} (21... Bd6 22. Qf2 e5 $13)
22. h4 Qc7 $6 {After trading the queens, black loses the chances to win the
game and his position becomes slightly worse... The breakthrough in the centre
seems more to the point:} (22... Bd6 $5 23. Qf2 e5 $13 {[%cal Ye8c7,Yc7e6]})
23. Qxc7 Nxc7 24. g5 {fixing black's kingside pawns.} h6 25. f4 {After this
move, the position is absolutely drawish, as the position will be absolutely
closed... Interesting plan for white is:} (25. e4 $14 {with following
improving pieces' position. White has some reasons to play for a win: he has a
pair of bishops, and it is well-known fact, that R+B coordinate better than
R+N.}) 25... h5 $11 {Now the position is absolutely closed and both sides
don't have any plan to improve their positions. And the opponents could agree
even here for a draw.} 26. Kg2 (26. a5 {doesn't promise anything special:} Nb8
$11 {[%cal Yc7b5]}) 26... Nb6 27. Ng1 {transfering the knight to e5.} a5 28.
Nf3 Bd6 {covering the e5 square.} 29. Kf2 Nc8 {preparing the transfer of
knight to f5.} 30. Ke2 Ne7 31. Rc1 Rxc1 32. Bxc1 Kf8 33. Bd2 Nf5 34. Be1 Ke7
35. Ne5 Bxe5 36. fxe5 Kd7 1/2-1/2

[Event "Gibraltar Masters"]
[Site "Caleta"]
[Date "2005.02.02"]
[Round "9"]
[White "Avrukh, Boris"]
[Black "Erenburg, Sergey"]
[Result "0-1"]
[WhiteElo "2629"]
[BlackElo "2551"]
[Annotator "Erenburg,S"]
[PlyCount "150"]
[EventDate "2005.01.25"]
[EventType "swiss"]
[EventRounds "10"]
[EventCountry "GGB"]
[SourceTitle "CBM 104 Extra"]
[Source "ChessBase"]
[SourceDate "2005.03.01"]
[SourceVersion "1"]
[SourceVersionDate "2005.03.01"]
[SourceQuality "1"]

{[%mdl 128]} 1. d4 d5 2. c4 c6 3. Nc3 Nf6 4. Nf3 a6 5. c5 Nbd7 6. Bf4 Nh5 7.
Bd2 Nhf6 8. Qc2 {Nowadays a very fashionable and principled line. Other ones
are:} (8. Rc1 {---> 1-0 Graf,A-Kuraszkiewicz,M/Germany 2003/CBM 099/
[Kortschnoj] (46)}) (8. b4 {---> 0-1 Krasenkow,M-Movsesian,S/Polanica Zdroj
2000/CBM 079/[Ftacnik] (35)}) (8. h3 {---> 0-1 Dreev,A-Volkov,S/Samara 1998/
CBM 067/[Huebner,R] (24) Huebner,R}) 8... e5 {Probably, the most principled
reply. More positional continuation is} (8... g6 {---> 0-1 Xu Jun-Malakhov,V/
Moscow 2004/CBM 103/[Huebner,R] (32)}) 9. dxe5 Ng4 10. Na4 $1 Be7 $6 $146 {
With this move black allows white to keep extra pawn on the board...} ({
I should have prefered} 10... Qe7 11. Bg5 Qe6 12. e3 h6 13. Nd4 Qxe5 14. Bf4
Qf6 15. h3 Nge5 16. Be2 g6 17. O-O Bg7 18. b4 $14 {1-0 Lautier,J-Volkov,S/
playchess.com INT 2004/CBM 100 ext (40)}) (10... Ngxe5 11. Nxe5 Nxe5 12. Nb6
Rb8 13. Bc3 $36 {[%cal Ye1c1]}) 11. Qc3 $1 {[%mdl 4] protecting the e5 pawn.}
O-O ({Black doesn't succeed to win the pawn back after} 11... Ngxe5 12. Nxe5
Bf6 13. Nb6 $1 (13. f4 Bxe5 14. fxe5 Qh4+ 15. Qg3 Qxa4 16. Qxg7 Rf8 $13) 13...
Bxe5 14. Qe3 d4 15. Qe4 $18) 12. Qd4 $1 {[%mdl 4] covering the fourth rank,
and driving away the knight from g4.} ({Much worse is} 12. h3 Ngxe5 13. Nxe5
Bf6 14. f4 (14. Nb6 Bxe5) 14... Bxe5 15. fxe5 Qh4+ $15) 12... Nh6 13. e4 $1 {
If white completes the development, his position will be winning.} ({It is not
recommendable to change the light-squared bishop:} 13. Bxh6 gxh6 $13 {[%cal
Yf7f6] , as black can get very strong counterplay, using the weaknesses of
dark squares in white's camp.}) 13... f6 $1 {Black opens up the game, hoping
to use the vulnerable position of white's monarch.} (13... dxe4 {loses
immediately:} 14. Qxe4 Nxc5 15. Nxc5 Bxc5 16. Bxh6 gxh6 17. Bd3 Qa5+ 18. Kf1 f5
19. exf6 $18) 14. exd5 $2 {missing better opportunity.} (14. e6 $1 Ne5 15. Nb6
Rb8 16. Nxc8 Qxc8 17. exd5 (17. Bxh6 gxh6 18. Nxe5 fxe5 19. Qxe5 Bf6 20. Qg3+
Kh8 21. e5 Qxe6 22. f4 Be7 23. Bd3 Bxc5 24. f5 Rxf5 25. Bxf5 Qxf5 26. O-O-O Rg8
$14) 17... cxd5 18. Bxh6 gxh6 19. Nxe5 fxe5 20. Qxd5 Qxc5 21. Qxc5 Bxc5 22. f3
$16) 14... fxe5 15. Qc4 cxd5 16. Qxd5+ Kh8 17. Bc4 $6 {White chose
unsuccessful position for his light-squared bishop.} ({Better was} 17. Be2 Ng4
18. O-O Nxc5 {and black is close to equality.}) 17... Nxc5 $2 {Now it is
black's "opportunity to miss opportunity"! :)} ({Much stronger is} 17... Ng4 $3
$132 {[%cal Gg4f6,Ye5e4]} 18. c6 (18. O-O Ngf6 19. Qd3 (19. Qe6 Nxc5 $17) 19...
e4 $19) 18... bxc6 19. Qxc6 Rb8 $44 {[%cal Yc8b7]}) 18. Qxd8 Rxd8 19. Nb6 Rb8
20. Nxe5 (20. Bxh6 {promises white an advantage, but not so obvious...} gxh6
21. Nxe5 Kg7 $14 {[%cal Ye7f6]}) 20... Bf6 21. Bf4 Be6 $1 {White is a pawn up,
but he needs to play very carefully, as black's pieces are located quite well,
in opposite to white's knight on b6...} 22. O-O Rd4 23. Bg3 (23. Ng6+ $2 hxg6
24. Bxb8 Rxc4 $13) 23... Nf5 24. Nf3 $2 {Probably, white has missed one of the
black's moves in the game... Boris should have prefered:} (24. Nf7+ Bxf7 25.
Bxb8 Bxc4 (25... Rxc4 26. Nxc4 Bxc4 27. Rac1 $3 Bxf1 28. Rxc5 $18) 26. Rfc1 Nb3
27. axb3 Bxb3 $14 {[%cal Yd4b4]}) 24... Nxg3 25. Nxd4 Bxc4 $1 26. Rfd1 (26.
Nxc4 Nxf1 27. Nf3 b5 $19) 26... Ne2+ ({Maybe stronger was} 26... Bd3 $5 {
(of course, suggested by Fritz)} 27. Nd7 Bxd4 28. hxg3 (28. Nxb8 Ne2+ 29. Kf1 (
29. Kh1 Bxb2 $19) 29... Nf4+ 30. Rxd3 Nfxd3 31. Rd1 Bxb2 32. Nd7 Kg8 $19) 28...
Nxd7 29. Rxd3 Bxb2 30. Rad1 (30. Rb1 Nc5 31. Rd5 Ba3 $19) 30... Nf8 31. Rd8
Rxd8 32. Rxd8 Kg8 33. Rd6 $17) 27. Nxe2 Bxe2 28. Rd5 $1 {White succeeds to
eliminate one of the black's bishops, that increases white's chances very much.
} Nd3 $1 {not allowing white's queenside rook to be activated.} 29. Nd7 Rc8 30.
Nxf6 gxf6 31. h3 Rc2 (31... Nxb2 $4 32. Rd2 $18) 32. Rd8+ Kg7 33. Rd7+ Kg6 34.
Rxb7 {[%mdl 4096]} Rxb2 $2 {Black should have kept the rooks on the board:} (
34... Nxb2 $1 $17) 35. Ra7 $2 ({White had to change the rooks:} 35. Rxb2 Nxb2
$15) 35... Ne5 36. a4 h5 37. Ra3 h4 {fixing white's kingside pawns.} 38. Re3
Nd3 {[%cal Yb2b1,Gd3f2] creating some mate threats...} 39. g3 $1 Ne5 {
emphasizing the weakness of light squares in white's camp.} 40. Kg2 hxg3 ({
Comes to consideration:} 40... Bc4 $1 41. gxh4 Nd3 $17) 41. Kxg3 Bc4 42. Rc7
Rb4 43. Rc3 $1 {[%cal Yf2f4]} Bf1 $1 {threatening to take the "a" pawn.} 44. f4
Nd3 {[%cal Yd3f4]} 45. R7c4 Rb2 46. Rd4 Rg2+ 47. Kh4 Rf2 48. Kg3 ({The rook
endgame is probably losing for white:} 48. Rdxd3 Bxd3 49. Rxd3 Rxf4+ 50. Kg3
Rxa4 $17) 48... Rg2+ {winning some time. There was a time control with an
increment.} 49. Kh4 Rf2 50. Kg3 Rd2 $1 {Now black threatens to bring the king
to f5, afterware, white's monarch can find himself in a serious trouble..} 51.
Rd5 Rg2+ 52. Kf3 Rh2 53. Rd6 $2 ({After} 53. Rdxd3 Rxh3+ 54. Ke4 Bxd3+ 55. Rxd3
Rxd3 56. Kxd3 Kf5 {black gets a winning PP endgame:} 57. Ke3 Kg4 58. a5 (58.
Ke4 a5 59. Ke3 f5 60. Ke2 Kxf4 61. Kf2 Ke4 62. Ke2 Kd4 63. Kf3 Kc4 $19) 58...
f5 59. Kd4 Kxf4 60. Kc5 Ke5 61. Kb6 f4 (61... Kd6 $2 62. Kxa6 Kc6 63. Ka7 f4
64. a6 $11) 62. Kxa6 f3 63. Kb7 f2 64. a6 f1=Q 65. a7 Qb5+ 66. Ka8 Qc6+ 67. Kb8
Kd6 $19) (53. Rd8 $19 {gave more chances.}) 53... Rxh3+ 54. Ke4 Rg3 $2 {
missing a simple way to win the game...} (54... Nf2+ $1 55. Kd4 Rxc3 56. Kxc3
Ne4+ $19) 55. Kd4 Rf3 56. Rxa6 Rxf4+ 57. Ke3 Rh4 58. Ra8 (58. Rxd3 Rh3+ $19)
58... Ne5 $19 {Black has three pieces against two white's ones... White has no
chance to stop black's passed pawn "f".} 59. Kf2 Bc4 60. a5 Rh2+ 61. Kg3 Ra2 {
stopping white's counterplay on the queenside.} 62. Kf4 Ra4 63. Ke3 Bd5 64. Ra7
Kf5 65. Kd2 Kf4 66. Rc2 Ra3 67. Ke2 Rh3 $1 68. Kd2 {[%tqu "En","Please find
the winning move for black.","","","e5c4","",10]} Nc4+ $1 {winning an exchange.
} 69. Rxc4+ (69. Ke1 Rh1+ 70. Ke2 Rh2+ 71. Kd3 (71. Kd1 Ne3+ $19) 71... Be4+
$19) 69... Bxc4 70. a6 Kf5 71. Ra8 Ra3 72. a7 Bd5 73. Rd8 Ke6 74. Re8+ Kd7 75.
Rh8 Ke7 $1 {winning white's "a" pawn.} 0-1